Statistics for Ed Sheeran Billboared top 10s

Click here to take the quiz!

General Stats

  • This quiz has been taken 69 times
  • The average score is 4 of 5

Answer Stats

Peak Song % Correct
1Shape Of You
98%
2Thinking Out Loud
85%
10Photograph
74%
6Castle On The Hill
63%
9Don't
41%

Score Distribution

Percentile by Number Answered

Percent of People with Each Score

Your Score History

You have not taken this quiz